Bharatiya arthanity. : (Record no. 1138)

MARC details
000 -LEADER
fixed length control field 00487cam a2200181ua 4500
008 - FIXED-LENGTH DATA ELEMENTS--GENERAL INFORMATION
fixed length control field 110621n ii |||gr||||Z||||||eng
040 ## - CATALOGING SOURCE
Transcribing agency MAIN
082 ## - DEWEY DECIMAL CLASSIFICATION NUMBER
Classification number 330.954
245 1# - TITLE STATEMENT
Title Bharatiya arthanity. :
Remainder of title ear poribordhita roop. /
Statement of responsibility, etc. By Pranab Kumar Dhar.
250 ## - EDITION STATEMENT
Edition statement 1st.
260 ## - PUBLICATION, DISTRIBUTION, ETC.
Place of publication, distribution, etc. New Delhi.:
Name of publisher, distributor, etc. Kalyani publishers.,994.
300 ## - PHYSICAL DESCRIPTION
Extent xx, 535 p.:
Dimensions 21 cm.
700 ## - ADDED ENTRY--PERSONAL NAME
Personal name Dhar, Pranab Kumar.,
942 ## - ADDED ENTRY ELEMENTS (KOHA)
Koha item type Books
653 ## - INDEX TERM--UNCONTROLLED
Uncontrolled term Economics.
653 ## - INDEX TERM--UNCONTROLLED
Uncontrolled term Bharatiya arthanity.
Holdings
Withdrawn status Lost status Damaged status Not for loan Home library Current library Shelving location Date acquired Total Checkouts Full call number Barcode Date last seen Copy number Price effective from Koha item type Date last checked out
        Central Library, Naharkatiya College Central Library, Naharkatiya College General Stacks 19/09/2020   330.954 | DHA 2702 19/09/2020 2 19/09/2020 Books  
        Central Library, Naharkatiya College Central Library, Naharkatiya College General Stacks 19/09/2020 1 330.954 | DHA 2705 01/03/2024 1 19/09/2020 Books 20/02/2024

Naharkatiya College © 2020. All rights reserved.

Powered By